Normal view
MARC view
Entry Topical Term
001 - CONTROL NUMBER
- control field: 50262
003 - CONTROL NUMBER IDENTIFIER
- control field: OSt
005 - DATE AND TIME OF LATEST TRANSACTION
- control field: 20250121104036.0
008 - FIXED-LENGTH DATA ELEMENTS
- fixed length control field: 250121|| aca||aabn | a|a d
040 ## - CATALOGING SOURCE
- Original cataloging agency: OSt
- Transcribing agency: OSt
150 ## - HEADING--TOPICAL TERM
- Topical term or geographic name entry element: Human rights, Tribal development
670 ## - SOURCE DATA FOUND
- Source citation: Work cat.: (OSt)525489: Tasneem, Kausar 50261, Human rights of Indian tribes: An assessment
